Cracking xúc tác : Hóa học, chất xúc tác, quá trình công nghệ

Nội dung quyển sách giới thiệu về khái niệm cracking, các kiến thức cơ bản về hóa học quá trình cracking xúc tác, về bản chất và các phương pháp tổng hợp chất xác tác và về công nghệ quá trình cracking...

ver descrição completa

Na minha lista:
Detalhes bibliográficos
Autor principal: Nguyễn, Hữu Phú
Formato: Livro
Idioma:Undetermined
Publicado em: Hà Nội Khoa học và Kỹ thuật 2005
Assuntos:
Tags: Adicionar Tag
Sem tags, seja o primeiro a adicionar uma tag!
Thư viện lưu trữ: Trung tâm Học liệu Trường Đại học Cần Thơ
LEADER 00959nam a2200217Ia 4500
001 CTU_133684
008 210402s9999 xx 000 0 und d
020 |c 36000 
082 |a 665.533 
082 |b Ph500 
100 |a Nguyễn, Hữu Phú 
245 0 |a Cracking xúc tác : 
245 0 |b Hóa học, chất xúc tác, quá trình công nghệ 
245 0 |c Nguyễn Hữu Phú 
260 |a Hà Nội 
260 |b Khoa học và Kỹ thuật 
260 |c 2005 
520 |a Nội dung quyển sách giới thiệu về khái niệm cracking, các kiến thức cơ bản về hóa học quá trình cracking xúc tác, về bản chất và các phương pháp tổng hợp chất xác tác và về công nghệ quá trình cracking 
650 |a Catalytic cracking,Cracking xúc tác 
904 |i Năm 
980 |a Trung tâm Học liệu Trường Đại học Cần Thơ